LEADER 01528nam a2200337 a 4500 001 000000121087 003 CaOOAMICUS 005 20110304124540.0 008 100409t2010 it u000 u ita r 020 $a978-88-6132-332-2 040 $aPUL$bita$dReb 082 04$a343.45 110 1 $aItalia.$0(OLS)http://pul/name/1188 240 10$aCodice del consumo (2010).$0(OLS)http://pul/title/152275 245 10$aCodice del consumo commentato per articolo con dottrina e giurisprudenza :$ble norme complementari /$cRita Rolli. 250 $a2. ed. 260 $aPiacenza :$bLa Tribuna,$c©2010. 300 $a1227 p.$c19 cm. 490 1 $aI codici illustrati 500 $aTesto su due colonne. 500 $aSul front.: Aggiornato con la nuova Class Action in vigore dal 1 gennaio 2010. 650 04$aConsumo (diritto).$0(OLS)http://pul/subject/34336 700 1 $aRolli, Rita.$0(OLS)http://pul/name/75813 830 2$aI codici illustrati.$0(OLS)http://pul/title/49402 850 $aPUL 852 $aPUL$W1$xDP2 Diritto e Scienze Sociali 3$y110$m348. 45 BCOLL 2.65$j138836$qDDC 21$B138076$CPULBib$Z2$F138076 $H112613 $82 941 1 $a9 996 $6020$a978-88-6132-332-2$9(OLS)http://pul/number/143767 996 $6082$a343.45$9(OLS)http://pul/classification/467 996 $6245$aCodice del consumo commentato per articolo con dottrina e giurisprudenza :$ble norme complementari $9(OLS)http://pul/title/152273 996 $6260$aPiacenza :$bLa Tribuna$9(OLS)http://pul/publisher/69734 LEADER 01115nam a2200253 a 4500 001 000000173804 003 CaOOAMICUS 005 20200831104008.0 008 200831s2019 it frm z000 u ita r 032 $aLibriCat 040 $aPUL$bita 100 1 $aMbah Awah, Stephenson Matthias.$0(OLS)http://pul/name/91672 245 10$aCameroon legal system of multiculturalism / $cStephenson Mathias Mbah Awah. 260 $aRoma :$bPontificia Universitą Lateranense,$c2019. 300 $a138 p.;$c24 cm 502 $aEstratto da tesi -- Pontificia Universitas Lateranensis. Facultas Iuris Civilis, 2019. 504 $aBibliografia: p.[129]-138. 710 2 $aPontificia Universitą Lateranense.$bFacoltą di diritto civile$kTesi.$0(OLS)http://pul/name/81778 850 $aPUL 852 $aPUL$W1$xDP1 Tesi Pon Univ. Lateranense$y41$m2019 D 1$j197047$qTesi$B202597$CPULBib$Z2$F202597 $82 941 1 $a16 996 $6245$aCameroon legal system of multiculturalism / $9(OLS)http://pul/title/214997 996 $6260$aRoma :$bPontificia Universitą Lateranense$9(OLS)http://pul/publisher/47963